000
00312nam a22001217a 4500
999
_c
9594
_d
9594
003
OSt
008
201203b ||||| |||| 00| 0 eng d
245
_a
Industrial Products Finder
250
_a
2011(Annual Vol.39 No.2B)
260
_a
Chennai
_b
IPF Publications
650
_a
Mechanical Engineering
942
_2
ddc
_c
BV